[Event "Oslo Esports Cup 2022"]
[Site "Oslo NOR"]
[Date "2022.04.28"]
[Round "7.4"]
[White "Van Foreest, Jorden"]
[Black "Le, Quang Liem"]
[Result "1/2-1/2"]
[WhiteTitle "GM"]
[BlackTitle "GM"]
[WhiteElo "2714"]
[BlackElo "2709"]
[WhiteFideId "1039784"]
[BlackFideId "12401137"]
[EventDate "2022.04.22"]

1. e4 e5 2. Nf3 Nc6 3. Bb5 a6 4. Ba4 Nf6 5. O-O Nxe4 6. d4 b5 7. Bb3 d5 8. dxe5
Be6 9. c3 Bc5 10. Nbd2 O-O 11. Bc2 Nxf2 12. Rxf2 f6 13. exf6 Bxf2+ 14. Kxf2 Qxf6
15. Nf1 Ne5 16. Be3 Rae8 17. Bc5 Nxf3 18. gxf3 Rf7 19. Ng3 Bg4 20. Kg1 Qxf3 21.
Qxf3 Rxf3 22. Rf1 h5 23. Rxf3 Bxf3 24. Bg6 Re6 25. Bf5 Rc6 26. Bd4 Bg4 27. Bxg4
hxg4 28. Nf5 Re6 29. Ne3 c6 30. Kf2 Re4 31. b4 Rf4+ 32. Kg3 Rf3+ 33. Kxg4 Rf2
34. h4 Rxa2 35. Nf5 Kf7 36. Bxg7 a5 37. bxa5 c5 38. h5 Rxa5 39. h6 Kg6 40. Ne7+
Kh7 41. Nxd5 Ra1 42. Kf5 Rf1+ 43. Ke4 b4 44. c4 b3 45. Kd3 Rf3+ 46. Ne3 Rh3 47.
Kd2 Kg6 48. Nd1 Kf5 49. Kc1 Rh2 50. Ne3+ Kg6 51. Kb1 Kh7 52. Nd5 Rh4 53. Nb6 Rh2
54. Bf8 Rc2 55. Bg7 Kg6 56. Nd7 Kh7 57. Ne5 Re2 58. Ng4 Rc2 59. Nf6+ Kg6 60. Nd7
Kh7 61. Nb6 Kg6 62. Bf8 Kh7 63. Bxc5 Kxh6 64. Bd6 Kg6 65. c5 Kf5 66. Nd5 Rd2 67.
c6 Ke6 68. c7 Rc2 69. Ne3 Kxd6 70. Nxc2 bxc2+ 71. Kxc2 Kxc7 1/2-1/2

[Event "Oslo Esports Cup 2022"]
[Site "Oslo NOR"]
[Date "2022.04.28"]
[Round "7.5"]
[White "Van Foreest, Jorden"]
[Black "Le, Quang Liem"]
[Result "1/2-1/2"]
[WhiteTitle "GM"]
[BlackTitle "GM"]
[WhiteElo "2714"]
[BlackElo "2709"]
[WhiteFideId "1039784"]
[BlackFideId "12401137"]
[EventDate "2022.04.22"]

1. e4 e5 2. Nf3 Nc6 3. Bb5 a6 4. Ba4 Nf6 5. d3 Bc5 6. c3 O-O 7. Nbd2 d6 8. O-O
Ba7 9. h3 Ne7 10. d4 Ng6 11. Re1 b5 12. Bc2 c5 13. a4 Bd7 14. Nf1 cxd4 15. cxd4
exd4 16. Nxd4 Re8 17. Ng3 d5 18. axb5 axb5 19. Be3 dxe4 20. Rxa7 Rxa7 21. Nc6
Bxc6 22. Qxd8 Rxd8 23. Bxa7 Nf4 24. Bb6 Re8 25. Bd4 Nd3 26. Re3 Nd5 27. Rxe4
Rxe4 28. Nxe4 N5b4 29. Bxd3 Nxd3 30. Nd6 Nf4 31. Be5 Nd3 32. Bd4 f6 33. f3 Kf8
34. Kf1 Ke7 35. Nf5+ Kf7 36. Ke2 Nf4+ 37. Kf2 Bd7 38. Ng3 Ke6 39. Ne2 Kd5 40.
Bc3 Ne6 41. Ke3 Kc4 42. Nf4 b4 43. Bd2 Nc5 44. Nh5 Ne6 45. Nf4 Nc7 46. g4 g5 47.
Nd3 Nd5+ 48. Ke2 Bb5 49. Nc1 Kd4+ 50. Kf2 Bc4 51. Kg3 h6 52. h4 b3 53. hxg5 hxg5
54. f4 gxf4+ 55. Bxf4 Ne3 56. g5 fxg5 57. Bxg5 Ke4 58. Bxe3 Kxe3 59. Nxb3 Bxb3
60. Kh4 Kd3 61. Kg5 Kc2 62. Kh4 Kxb2 1/2-1/2

[Event "Oslo Esports Cup 2022"]
[Site "Oslo NOR"]
[Date "2022.04.28"]
[Round "7.6"]
[White "Le, Quang Liem"]
[Black "Van Foreest, Jorden"]
[Result "1-0"]
[WhiteTitle "GM"]
[BlackTitle "GM"]
[WhiteElo "2709"]
[BlackElo "2714"]
[WhiteFideId "12401137"]
[BlackFideId "1039784"]
[EventDate "2022.04.22"]

1. d4 d5 2. c4 c6 3. Nf3 Nf6 4. Nc3 dxc4 5. a4 e6 6. e3 c5 7. Bxc4 Nc6 8. O-O
Be7 9. Qc2 O-O 10. Rd1 Bd7 11. dxc5 Bxc5 12. b3 Qe7 13. Bb2 Rfd8 14. Ne4 Nxe4
15. Qxe4 Be8 16. Qg4 g6 17. Ng5 h5 18. Qg3 Rxd1+ 19. Rxd1 Rd8 20. Rf1 Bd6 21. f4
Ba3 22. Ba1 Nb8 23. f5 Bd6 24. fxe6 f6 25. Bxf6 1-0